000 00669nam a2200205Ii 4500
003 JO-AjNU
008 230605s9999||||xx |||||||||||||| ||und||
017 _a1985/2522
040 _aJO-AjNU
_bara
_erda
_cJO-AjNU
041 _aara
050 1 4 _aKRM1672.A83.1985
100 3 _aالعشماوى، عبد الوهاب ,
_eauthor
_946621
245 0 0 _aإجراءات الأثبات في المواد المدنية والتجارية
264 3 1 _aد،م : د،ن ،1985
300 _a314ص
336 _atext
_btxt
_2rdacontent
337 _aunmediated
_bn
_2rdamedia
338 _avolume
_bnc
_2rdacarrier
650 4 _aالاثبات -- قانون -- مصر
_946622
999 _aA20296
_c23864
_d23864